000 00549nam a22001697a 4500
999 _c14920
_d14920
003 AR-CdUCM
008 190425b ||||| |||| 00| 0 spa d
040 _aMUNICIPALIDAD PROVINCIAL DEL CUSCO
_cBIBLIOTECA MUNICIPAL DEL CUSCO
082 _aC / 051 /
_bK86
245 _aKosko :
_brevista libre /
260 _aCusco :
_bTrabajo,
_c1924.
300 _a22 páginas ;
_c27 cm.
440 _aKosko
_n19
_933893
505 _aLa cuestión local -- Totemismo andino -- Mala lengua -- El pueblo -- El pintor pantigoso...
942 _2ddc
_cPP
945 _awfj